• 首页
  • 本馆介绍
  • 公告通知
  • 最新文献
  • 馆藏检索
  • 电子资源
  • 读者导购
  • 参考咨询
  • 我的图书馆
  • 登录
  • 详细信息显示
  • 放入我的书架
  • 预约/预借图书
  • 作者相关作品
  • 分类相关作品
  • 丛书相关作品
  • 出版社相关作品

书目信息

  • 表格格式
  • 工作单格式
  • 卡片格式
题名:
重写晚明史
    
 
作者: 樊树志 著
分册:   晚明大变局
出版信息: 北京   中华书局  2020
页数: 519页
开本: 21cm
丛书名:
单 册:
中图分类: K248.307
科图分类:
主题词: 中国历史--zhong guo li shi--研究--晚明
电子资源:
ISBN: 978-7-101-14867-1
000 01142nam0 2200241 450
001 2131050650
005 20211031095318.81
010    @a978-7-101-14867-1@dCNY52.00
100    @a20210207d2020 em y0chiy0120 ea
101 0  @achi
102    @aCN@b110000
105    @ay z 000yy
106    @ar
200 1  @a重写晚明史@Achong xie wan ming shi@i晚明大变局@f樊树志著
210    @a北京@c中华书局@d2020
215    @a519页@d21cm
330    @a本书是明史研究专家樊树志教授的倾注毕生研究之功而成的五卷本《重写晚明史》的第一卷, 也即导论部分。 《重写晚明史》是樊树志先生引用推介学界最新研究成果, 以与时俱进的新时代历史观书写解读晚明那段令人荡气回肠的历史。 研究历史是为了创造更好的未来, 樊树志先生说。 《重写晚明史》的立意宗旨就是以史为鉴, 通过回顾历史的得失, 总经经验, 为当下和明天提供借鉴。 2015年出版之《晚明大变局》即是本稿最初的单行本, 今纳入《重写晚明史》, 作者对书稿导言及部分章节做了相应补充或调整。
517 1  @a晚明大变局@Awan ming da bian ju
606 0  @a中国历史@Azhong guo li shi@x研究@z晚明
690    @aK248.307@v5
701  0 @a樊树志@Afan shu zhi@4著
801  0 @aCN@b百万庄@c20211029
905    @b1313307-310@dK248.307@e171:2@f4
    
    重写晚明史.晚明大变局/樊树志著.-北京:中华书局,2020
    519页;21cm
    
    
    ISBN 978-7-101-14867-1:CNY52.00
    本书是明史研究专家樊树志教授的倾注毕生研究之功而成的五卷本《重写晚明史》的第一卷, 也即导论部分。 《重写晚明史》是樊树志先生引用推介学界最新研究成果, 以与时俱进的新时代历史观书写解读晚明那段令人荡气回肠的历史。 研究历史是为了创造更好的未来, 樊树志先生说。 《重写晚明史》的立意宗旨就是以史为鉴, 通过回顾历史的得失, 总经经验, 为当下和明天提供借鉴。 2015年出版之《晚明大变局》即是本稿最初的单行本, 今纳入《重写晚明史》, 作者对书稿导言及部分章节做了相应补充或调整。
●
相关链接 在E读中查询图书 在五车中查询图书 在当当中查询图书 在豆瓣中查询图书


正题名:重写晚明史     索取号:K248.307/171:2         预约/预借

序号 登录号 条形码 馆藏地/架位号 状态 备注
1 1313307   213133072   第二样本阅览室/ [索取号:K248.307/171:2] 在馆    
2 1313308   213133081   第二借阅区/ [索取号:K248.307/171:2] 在馆    
3 1313309   213133090   第二借阅区/ [索取号:K248.307/171:2] 在馆    
4 1313310   213133107   第二借阅区/ [索取号:K248.307/171:2] 在馆    
唐山师范学院图书馆 欢迎您!
大连网信软件有限公司© 版权所有